Rural housing - a place in the countryside? (Record no. 105655)
[ view plain ]
| 000 -LEADER | |
|---|---|
| fixed length control field | 01410cam a2200205 4500 |
| 001 - CONTROL NUMBER | |
| control field | ##L134354 |
| 008 - FIXED-LENGTH DATA ELEMENTS--GENERAL INFORMATION | |
| fixed length control field | 060728n2006 000 0 eng u |
| 035 ## - SYSTEM CONTROL NUMBER | |
| System control number | (Sirsi) u134354 |
| 041 0# - LANGUAGE CODE | |
| Language code of text/sound track or separate title | eng |
| 050 04 - LIBRARY OF CONGRESS CALL NUMBER | |
| Classification number | 306.9 $2 18 |
| 110 2# - MAIN ENTRY--CORPORATE NAME | |
| Corporate name or jurisdiction name as entry element | Commission for Rural Communities |
| 9 (RLIN) | 4993 |
| 245 00 - TITLE STATEMENT | |
| Title | Rural housing - a place in the countryside? |
| 260 ## - PUBLICATION, DISTRIBUTION, ETC. | |
| Place of publication, distribution, etc. | Cheltenham |
| Name of publisher, distributor, etc. | Commission for Rural Communities |
| Date of publication, distribution, etc. | 2006 |
| 520 ## - SUMMARY, ETC. | |
| Summary, etc. | Reports the findings of the Commission's national inquiry into rural housing begun in July 2005 which formed an important part of the Commission's evidence to the government Affordable Rural Housing Commission. Based on the responses of over 800 people from eight case study areas in England, the report relays a common sense of overwhelming concern at the growing shortage of suitable affordable housing to buy or rent, anxiety about the impact of increasing numbers of second and holiday homes, frustration at the lack of local involvement in decision making and at inflexible planning and housing policies. Makes recommendations including more effective rural proofing of housing policies at all levels. |
| 590 ## - LOCAL NOTE (RLIN) | |
| Local note | IKA010806 |
| 651 #4 - SUBJECT ADDED ENTRY--GEOGRAPHIC NAME | |
| Geographic name | England |
| Chronological subdivision | 886- |
| 690 ## - LOCAL SUBJECT ADDED ENTRY--TOPICAL TERM (OCLC, RLIN) | |
| Topical term or geographic name as entry element | PROPERTY-RESIDENTIAL PROPERTY-RESIDENTIAL PROPERTY MARKET |
| 856 40 - ELECTRONIC LOCATION AND ACCESS | |
| Uniform Resource Identifier | <a href="https://www.ruralcommunities.gov.uk/article.asp?aID=112&pID=2">https://www.ruralcommunities.gov.uk/article.asp?aID=112&pID=2</a> |
| Public note | View the report free of charge at www. ruralcommunities.gov.uk... |
| 942 ## - ADDED ENTRY ELEMENTS (KOHA) | |
| Suppress in OPAC | 0 |
| Withdrawn status | Lost status | Source of classification or shelving scheme | Damaged status | Not for loan | Home library | Current library | Shelving location | Date acquired | Total Checkouts | Full call number | Barcode | Date last seen | Copy number | Price effective from | Koha item type |
|---|---|---|---|---|---|---|---|---|---|---|---|---|---|---|---|
| Dewey Decimal Classification | Virtual | Virtual | Online | 28/07/2006 | ONLINE PUBLICATION | 134354-2001 | 06/08/2019 | 1 | 06/08/2019 | Book |